| 000 | 00000nam 2200000zi 4500 |
| 001 | 9.931379 |
| 003 | CaOODSP |
| 005 | 20231212150817 |
| 006 | m o d f |
| 007 | cr mn||||||||| |
| 008 | 231212e20220215onc o f000 0 fre d |
| 040 | |aCaOODSP|bfre|erda|cCaOODSP |
| 043 | |an-cn--- |
| 086 | 1 |aJ2-892/2022F-PDF |
| 245 | 00|aAudit du Programme de formation et de perfectionnement des LP-01 / |cDirection de l’audit interne, Secteur de l’audit interne et de l’évaluation. |
| 264 | 1|a[Ottawa] : |bMinistère de la justice Canada = Department of Justice Canada, |c15 février 2022. |
| 300 | |a1 ressource en ligne (ii, 16 pages). |
| 336 | |atexte|btxt|2rdacontent/fre |
| 337 | |ainformatique|bc|2rdamedia/fre |
| 338 | |aressource en ligne|bcr|2rdacarrier/fre |
| 500 | |aPublié aussi en anglais sous le titre : Audit of the LP-01 Training and Development Program. |
| 500 | |a« Le 15 février 2022 (Final). » |
| 610 | 16|aCanada. |bMinistère de la justice|xAudit. |
| 610 | 16|aCanada. |bMinistère de la justice|xFonctionnaires|xFormation|xAudit. |
| 650 | 6|aPersonnel|xFormation|zCanada|xÉvaluation. |
| 710 | 1 |aCanada.|bMinistère de la justice.|bServices de l'audit interne, |eorganisme de publication. |
| 775 | 08|tAudit of the LP-01 Training and Development Program / |w(CaOODSP)9.930208 |
| 856 | 40|qPDF|s771 Ko|uhttps://publications.gc.ca/collections/collection_2023/jus/J2-892-2022-fra.pdf |
| 856 | 4 |qHTML|sS.O.|uhttps://www.justice.gc.ca/fra/pr-rp/pm-cp/ver-aud/2022/lp01/index.html |